| 000 | 00701nam a2200229Ia 4500 | ||
|---|---|---|---|
| 003 | OSt | ||
| 005 | 20220613154832.0 | ||
| 008 | 210716s2018 xx 000 0 und d | ||
| 020 | _a9789352807628 | ||
| 040 | _cAIMIT LIBRARY | ||
| 041 | _aeng | ||
| 082 |
_a658.3124 _21 _bGUPS |
||
| 100 |
_aGuptan, Sunil Unny. _942068 |
||
| 245 |
_aMentoring 2.0 : _bpractitioner's guide to changing lives / _cBy Sunil Unny Guptan. |
||
| 250 | _a1st | ||
| 260 |
_aNew Delhi : _bSage Publications ; _c2018. |
||
| 300 |
_axxv, 224p. ; _c21 cm. |
||
| 650 |
_aWhat mentors do _942069 |
||
| 650 |
_aExpectations in mentoring _942070 |
||
| 650 |
_aMentoring leaders _942071 |
||
| 942 |
_2ddc _cBK _e1st ed. _k658.3124 GUPS |
||
| 999 |
_c211462 _d211462 |
||